Les meilleurs buteurs de l'OM depuis 2006-07 - Statistiques

Statistiques générales
  • Ce quiz a été pris 506 fois
  • Le résultat moyen est 16 sur 30
Statistiques - réponses
Joueur Buts % Correct
Dimitri Payet 36
98%
Florian Thauvin 78
95%
André Pierre Gignac 77
90%
Mamadou Niang 83
84%
Valère Germain 26
77%
Mathieu Valbuena 38
74%
Kostas Mitroglou 16
73%
André Ayew 60
66%
Jordan Ayew 22
66%
Bafetimbi Gomis 21
64%
Samir Nasri 9
59%
Lucho Gonzalez 21
55%
Benoit Cheyrou 28
54%
Michy Batshuayi 33
54%
Djibril Cissé 37
53%
Lucas Ocampos 27
51%
Brandao 31
50%
Loic Rémy 42
50%
Morgan Sanson 18
49%
Hatem Ben Arfa 14
39%
Taye Taiwo 21
38%
Remy Cabella 13
36%
Souleymane Diawara 11
36%
Romain Alessandrini 11
34%
Clinton Njie 16
32%
Luiz Gustavo 10
32%
Bakari Koné 16
30%
Mickael Pagis 18
28%
Gabriel Heinze 10
27%
Toifilou Maoulida 10
15%
Aucun quiz correspondant
Distribution des résultats
% des personnes avec chaque résultat
Percentile par nombre de réponses
Votre historique - résultats
Vous n’avez pas pris ce quiz